00703 2200205 4500001002100000005001500021035002000036007000300056008004100059020002200100082001400122084002000136100007100156245011100227260006400338300004200402650000900444650001700453650002700470INLIS00000000000150520250924102124 a0010-0925000019ta250924 g 0 ind  a978-979-819-172-5 a087.5:504 a087.5:504 KEM a0 aKementerian Pertanian, Badan Penelitian dan Pengembangan Pertanian1 aAKU & BUMIKU: Hanyutnya Sekolah Kami /cKementerian Pertanian, Badan Penelitian dan Pengembangan Pertanian aBogor :bBadan Penelitian dan Pengembangan Pertanian,c2018 aiv, 44 hlm. :bilus, ;c15 cm x 21 cm 4aBuku 4aAKU & BUMIKU 4aHanyutnya Sekolah Kami